000 00523nam a2200169Ia 4500
999 _c34193
_d34193
003 OSt
005 20200918141249.0
008 190216s9999||||xx |||||||||||||| ||und||
020 _a9788173197659
040 _coclc
082 _a541.394
_bSIN/M
100 _aSinha, S K
_94410
245 0 _aMolecular Physics Kinetic Theory And Thermodynamics /
_cS K Sinha ; T K Dey
260 _bNarosa Publishing House,
_aNew Delhi:
_c2006.
300 _a521p
942 _cBK
_2ddc
_h541.394
_iSIN/M
_k541.394
_mSIN/M